000 00496nam a2200181Ia 4500
999 _c15535
_d15535
082 _aTE.0016
100 _aElumalai, K.
245 0 _aIndia's trade policies and protection in dairy industry
260 _c2005
_bJawaharlal Nehru University, New Delhi
300 _a277
504 _aincludes bibliography
650 _aTrade regulation
_zIndia
650 _aDairying
_zIndia
650 _aDairy Industry//Dairying
700 _aSharma, R.K.
700 _aJha, Brajesh
942 _cTH
_2ddc